Costing sustainability (Record no. 104825)

MARC details
000 -LEADER
fixed length control field 01265cam a2200229 4500
001 - CONTROL NUMBER
control field ##L131752
008 - FIXED-LENGTH DATA ELEMENTS--GENERAL INFORMATION
fixed length control field 051206n2005 000 0 eng u
020 ## - INTERNATIONAL STANDARD BOOK NUMBER
International Standard Book Number 1860817424
035 ## - SYSTEM CONTROL NUMBER
System control number (Sirsi) u131752
041 0# - LANGUAGE CODE
Language code of text/sound track or separate title eng
050 04 - LIBRARY OF CONGRESS CALL NUMBER
Classification number 690.23 $2 18
110 2# - MAIN ENTRY--CORPORATE NAME
Corporate name or jurisdiction name as entry element BRE Centre for Sustainable Construction
9 (RLIN) 4801
245 00 - TITLE STATEMENT
Title Costing sustainability
Remainder of title how much does it cost to achieve BREEAM and Ecohomes ratings
260 ## - PUBLICATION, DISTRIBUTION, ETC.
Place of publication, distribution, etc. Watford
Name of publisher, distributor, etc. BRE
Date of publication, distribution, etc. 2005
300 ## - PHYSICAL DESCRIPTION
Extent 4p
Other physical details ill, tables, graphs
Dimensions 30cm
490 #0 - SERIES STATEMENT
Series statement BRE Information Paper
Volume/sequential designation IP 4/05
520 ## - SUMMARY, ETC.
Summary, etc. This paper presents the key findings from a cost analysis of different levels of environmental performance, as defined by BREEAM and EcoHomes schemes. Four different types of building, a house, a naturally ventilated office, an air-conditioned office, and a healthcare centre, were used as case studies. The analysis concluded that significant improvements in building sustainability performance can be achieved for little additional cost, and that more sustainable buildings can offer major in-use cost savings.
650 24 - SUBJECT ADDED ENTRY--TOPICAL TERM
Topical term or geographic name entry element BRE ENVIRONMENTAL ASSESSMENT METHOD
690 ## - LOCAL SUBJECT ADDED ENTRY--TOPICAL TERM (OCLC, RLIN)
Topical term or geographic name as entry element BUILT ENVIRONMENT-SUSTAINABLE CONSTRUCTION
710 2# - ADDED ENTRY--CORPORATE NAME
Corporate name or jurisdiction name as entry element Cyril Sweett Sustainability and Cost Consulting Teams
9 (RLIN) 4802
942 ## - ADDED ENTRY ELEMENTS (KOHA)
Suppress in OPAC 0
Holdings
Withdrawn status Lost status Source of classification or shelving scheme Damaged status Not for loan Home library Current library Shelving location Date acquired Total Checkouts Full call number Barcode Date last seen Date last checked out Copy number Price effective from Koha item type
    Dewey Decimal Classification     London London BRE publications 06/12/2005 16 ENQUIRY DESK 30061296 06/08/2019 19/05/2009 1 06/08/2019 Book